Rapidité chiffres et nombres pairs - Mort subite - Statistiques

Statistiques générales
  • Ce quiz a été pris 1 585 fois
  • Le résultat moyen est 16 sur 50
Answers on the Grid
Answers color-coded by a green-red scale on the quiz's grid according to % correct below.
1
2
3
4
5
6
7
8
9
10
11
12
13
14
15
16
17
18
19
20
21
22
23
24
25
26
27
28
29
30
31
32
33
34
35
36
37
38
39
40
41
42
43
44
45
46
47
48
49
50
51
52
53
54
55
56
57
58
59
60
61
62
63
64
65
66
67
68
69
70
71
72
73
74
75
76
77
78
79
80
81
82
83
84
85
86
87
88
89
90
91
92
93
94
95
96
97
98
99
100
 
Statistiques - réponses
Réponse % Correct
6
38%
34
37%
12
36%
24
36%
26
36%
40
36%
50
36%
78
36%
2
35%
20
35%
42
35%
58
35%
62
35%
10
34%
100
34%
30
34%
36
34%
4
34%
46
34%
82
34%
84
34%
88
34%
38
33%
60
33%
66
33%
74
33%
80
33%
86
33%
22
32%
44
32%
48
32%
56
32%
8
32%
98
32%
14
31%
16
31%
28
31%
54
31%
68
31%
72
31%
76
31%
92
31%
96
31%
18
30%
70
30%
90
30%
32
29%
52
29%
64
29%
94
27%
Aucun quiz correspondant
Distribution des résultats
% des personnes avec chaque résultat
Percentile par nombre de réponses
Votre historique - résultats
Vous n’avez pas pris ce quiz